LEADER 01493nam--2200397---450- 001 990001188480203316 005 20100610140940.0 010 $a3-248-11039-0 035 $a000118848 035 $aUSA01000118848 035 $a(ALEPH)000118848USA01 035 $a000118848 100 $a20031009d2003----km-y0itay0103----ba 101 0 $ager 102 $aDE 105 $ay|||z|||001yy 200 1 $aVefassungsmäßigkeit berufs- und standsrechtlicher Werbebeschränkungen für Angehörige freier Berufe$eDargestellt am Beispiel der Regelungen für Rechtsanwälte, Ärzte und Apotheker$fvon Wolfgang Bomba 210 $aBerlin$cDunker & Humblot$dcopyr. 2003 215 $a426 p.$d23 cm 225 2 $aSchriften zum Öffentlichen Recht$v917 410 0$aSchriften zum Öffentlichen Recht$12001 606 0 $aDiritto pubblico$yGermania 606 0 $aDiritto costituzionale$yGermania 676 $a342.43 700 1$aBOMBA,$bWolfgang$0498051 801 0$aIT$bsalbc$gISBD 912 $a990001188480203316 951 $aXXIV.1. Coll. 1/ 259 (Coll. AVO 917)$b36495 G.$cXXIV.1. Coll. 1/ 259 (Coll. AVO)$d00086529 959 $aBK 969 $aGIU 979 $aPAOLA$b90$c20031009$lUSA01$h1053 979 $aPATRY$b90$c20040406$lUSA01$h1725 979 $aRSIAV4$b90$c20100610$lUSA01$h1409 979 $aCHIARA$b90$c20120517$lUSA01$h0928 996 $aVefassungsmäßigkeit berufs- und standsrechtlicher Werbebeschränkungen für Angehörige freier Berufe$9982856 997 $aUNISA LEADER 02052nam0 22004573i 450 001 VIA0081897 005 20251003044440.0 010 $a8815075976 010 $a9788815075970 100 $a20160202d2000 ||||0itac50 ba 101 | $aita$cita 102 $ait 181 1$6z01$ai $bxxxe 182 1$6z01$an 183 1$6z01$anc$2RDAcarrier 200 1 $aErgonomia$elavoro, sicurezza e nuove tecnologie$fa cura di Giuseppe Mantovani 210 $aBologna$cIl mulino$d2000 215 $a282 p.$cill.$d22 cm. 225 | $aStrumenti$i. Psicologia 410 0$1001CFI0004583$12001 $aStrumenti$i. Psicologia 500 11$aErgonomia$3UDA0247502$9699893 606 $aErgonomia$2FIR$3CFIC027609$9E 606 $aInterazione uomo-elaboratore$2FIR$3CFIC048591$9E 676 $a004.01$9ELABORAZIONE DEI DATI, SCIENZA DEGLI ELABORATORI, INFORMATICA. Filosofia e teoria$v21 676 $a004.019$9Interazione uomo-elaboratore.$v19 676 $a620.82$9Ergonomia$v19 676 $a620.82$9ERGONOMIA$v21 696 $aInterazione uomo-computer$aInterazione uomo-macchina 699 $aInterazione uomo-elaboratore$yInterazione uomo-computer 699 $aInterazione uomo-elaboratore$yInterazione uomo-macchina 702 1$aMantovani$b, Giuseppe$f <1942- >$3CFIV001313 801 3$aIT$bIT-000000$c20160202 850 $aIT-BN0095 $aIT-NA0079 $aIT-AV0045 901 $bNAP BN$cS.MOD $nLa consegna dei documenti è effettuata dall'Ufficio Distribuzione 901 $bNAP MV$cP $nSALA BIBLIOGRAFIA 901 $bNAP 01$cPOZZO LIB.$nVi sono collocati fondi di economia, periodici di ingegneria e scienze, periodici di economia e statistica e altri fondi comprendenti documenti di economia pervenuti in dono. 912 $aVIA0081897 950 0$aBiblioteca Centralizzata di Ateneo$c1 v.$d 01POZZO LIB.ECON MON 5684$e 0101 0000286245E VMA 1 v.$fB $h20210408$i20210408 977 $a 01$a BN$a MV 996 $aErgonomia$9699893 997 $aUNISANNIO